| 000 | 00819nam a22001577a 4500 | ||
|---|---|---|---|
| 003 | OSt | ||
| 005 | 20151006155556.0 | ||
| 008 | 151006b xxu||||| |||| 00| 0 eng d | ||
| 040 | _cRUA | ||
| 082 | _aAVM KEO 2006 B076 Or.1 | ||
| 100 |
_92203 _aKEO, SOPHORN. |
||
| 245 | _aEffect of dry amaranth utilization in feed ingredient on broiler quail's growth at research farm of rua, ការសិក្សាលើការប្រើប្រាស់ផ្ទីដូងក្រៀមជាចំណីផ្សំទៅលើការលូតលាស់របស់ក្រូចនៅស្ថានីយ៍ចិញ្ចឹមសត្វនៃសាកលវិទ្យល័យភូមិន្ទកសិកម្ម | ||
| 260 |
_aPhnom Penh _bRUA _c2006 |
||
| 300 |
_a39p. _bill. _c29cm. |
||
| 942 |
_2ddc _cAVM |
||
| 999 |
_c2075 _d2075 |
||